All Mainline Mario Games - Statistics

General Stats
  • This quiz has been taken 99 times
  • The average score is 15 of 24
Answer Stats
Year Answer % Correct
1985 Super Mario Bros.
100%
1988 Super Mario Bros. 2
91%
1988 Super Mario Bros. 3
89%
1996 Super Mario 64
82%
2007 Super Mario Galaxy
80%
1990 Super Mario World
80%
2010 Super Mario Galaxy 2
78%
2017 Super Mario Odyssey
78%
2002 Super Mario Sunshine
76%
2006 New Super Mario Bros.
72%
1989 Super Mario Land
71%
2012 New Super Mario Bros. 2
65%
2011 Super Mario 3D Land
65%
2013 Super Mario 3D World
63%
2012 New Super Mario Bros. U
60%
1986 Super Mario Bros.: The Lost Levels
60%
2009 New Super Mario Bros. Wii
59%
2023 Super Mario Bros. Wonder
57%
2015 Super Mario Maker
48%
2019 Super Mario Maker 2
44%
2021 Bowser's Fury
38%
1995 Super Mario World 2: Yoshi's Island
32%
1992 Super Mario Land 2: 6 Golden Coins
24%
2016 Super Mario Run
23%
No matching quizzes found
Score Distribution
Percent of People with Each Score
Percentile by Number Answered
Your Score History
You have not taken this quiz